000 00901nam a2200217Ii 4500
003 JO-AjNU
008 230605s9999||||xx |||||||||||||| ||und||
017 _a2005/5/1190
040 _aJO-AjNU
_bara
_erda
_cJO-AjNU
041 _aara
050 1 4 _aPJ7572.M3.D87 2005
100 3 _aتاليف الدروبي،سمير,
_eauthor
_98850
245 0 0 _aابن طولن الصالحي الدمشقي وفن المقامات:صورة من صمود الثقافة العربية بدمشق في مطلع العصر العثماني
250 _aط1
264 3 1 _aالكرك: جامعة مؤتة، 2005
300 _a147ص
336 _atext
_btxt
_2rdacontent
337 _aunmediated
_bn
_2rdamedia
338 _avolume
_bnc
_2rdacarrier
650 4 _aالادب العربي-النقد الادبي-الثقافة العربية-العصر العثماني 922_1300 هـ-التحليل الادبي
_98851
999 _aA998
_c4566
_d4566